Online
Catalog

Premio nacional mujeres de progreso 2018. / (Record no. 50453)

MARC details
000 -CABECERA
campo de control de longitud fija 00858nam a22002297a 4500
003 - IDENTIFICADOR DEL NÚMERO DE CONTROL
campo de control DO-SdBNP
005 - FECHA Y HORA DE LA ÚLTIMA TRANSACCIÓN
campo de control 20210909121959.0
007 - CAMPO FIJO DE DESCRIPCIÓN FÍSICA--INFORMACIÓN GENERAL
campo de control de longitud fija ta
008 - DATOS DE LONGITUD FIJA--INFORMACIÓN GENERAL
campo de control de longitud fija 210909e2018 dr ac||fr|||| 00| 0 spa d
040 ## - FUENTE DE LA CATALOGACIÓN
Centro catalogador/agencia de origen DO-SdBNP
Lengua de catalogación spa
Centro/agencia transcriptor BNPHU
082 #4 - NÚMERO DE LA CLASIFICACIÓN DECIMAL DEWEY
Número de edición 22
Número de documento/Ítem P925n
111 1# - ENTRADA PRINCIPAL--NOMBRE DE CONGRESO/REUNIÓN
Nombre de congreso/reunión o jurisdicción como elemento de entrada Premio Nacional Mujeres de Progreso
Número del congreso/reunión o número de parte o sección
Fecha del congreso/reunión (2018:
Sede del congreso/Lugar de la reunión Santo Domingo, República Dominicana )
9 (RLIN) 79792
245 10 - MENCIÓN DE TÍTULO
Título Premio nacional mujeres de progreso 2018. /
Resto del título Milena Erazo, ed.; Ruth Acosta, Huáscar Ruiz, Joel Francisco, fotografías.
260 ## - PUBLICACIÓN, DISTRIBUCIÓN, ETC.
Lugar de publicación, distribución, etc. Santo Domingo :
Nombre del editor, distribuidor, etc. Vicepresidencia de la República,
Fecha de publicación, distribución, etc. 2018
300 ## - DESCRIPCIÓN FÍSICA
Extensión [25 p.-]
Otras características físicas il., retr.
Dimensiones 25 cm
590 ## - NOTA LOCAL (RLIN)
Nota local Inventariado 2021 / MF
700 #2 - PUNTO DE ACCESO ADICIONAL--NOMBRE DE PERSONA
9 (RLIN) 55124
Nombre de persona Erazo, Milena,
Término indicativo de función/relación ed.
700 #2 - PUNTO DE ACCESO ADICIONAL--NOMBRE DE PERSONA
9 (RLIN) 73624
Nombre de persona Acosta, Ruth,
Fechas asociadas al nombre 1967-
Término indicativo de función/relación fotogr.
700 #2 - PUNTO DE ACCESO ADICIONAL--NOMBRE DE PERSONA
Nombre de persona Ruiz, Huáscar
Término indicativo de función/relación fotogr.
9 (RLIN) 79798
700 #2 - PUNTO DE ACCESO ADICIONAL--NOMBRE DE PERSONA
Nombre de persona Francisco, Joel
Término indicativo de función/relación fotogr.
9 (RLIN) 79799
942 ## - ELEMENTOS DE PUNTO DE ACCESO ADICIONAL (KOHA)
Fuente del sistema de clasificación o colocación Dewey Decimal Classification
Tipo de ítem Koha Folleto
Holdings
Estado de retiro Estado de pérdida Fuente del sistema de clasificación o colocación Restricciones de uso No para préstamo Código de colección Localización permanente Ubicación/localización actual Ubicación en estantería Fecha de adquisición Fuente de adquisición Total de préstamos Signatura topográfica completa Código de barras Fecha visto por última vez Precio válido a partir de Tipo de ítem Koha
    Dewey Decimal Classification Excluido de préstamo   Patrimonio Dominicano Biblioteca Nacional Pedro Henríquez Ureña Patrimonio Dominicano Depósito 10.05.2018 Donado por la Vicepresidencia   P925n 2021-26255 09.09.2021 09.09.2021 Libro y Folleto Colección Patrimonio Dominicano

Powered by Koha